Comparison of rangpur lime seedling crowth in plastic BAG with differences pod mixtures for root stock,(ប្រៀបធៀបការលូតលាស់កូនដំណាំក្រូចឆ្មារជប៉ុន ក្នុងថង់បណ្ដុះ ដែលមានល្បាយអាហារចិញ្ចឹមខុសគ្មាសំរាប់ធ្វើជើងទំរ) (Record no. 1194)

000 -LEADER
fixed length control field 00758nam a22001337a 4500
040 ## - CATALOGING SOURCE
Transcribing agency RUA
082 ## - DEWEY DECIMAL CLASSIFICATION NUMBER
Classification number AGR SON 2012 B052 Or.1
100 ## - MAIN ENTRY--AUTHOR NAME
Personal name SONG YUHORNG
245 ## - TITLE STATEMENT
Title Comparison of rangpur lime seedling crowth in plastic BAG with differences pod mixtures for root stock,(ប្រៀបធៀបការលូតលាស់កូនដំណាំក្រូចឆ្មារជប៉ុន ក្នុងថង់បណ្ដុះ ដែលមានល្បាយអាហារចិញ្ចឹមខុសគ្មាសំរាប់ធ្វើជើងទំរ)
260 ## - PUBLICATION, DISTRIBUTION, ETC. (IMPRINT)
Place of publication phnom penh
Name of publisher RUA
Year of publication 2012
300 ## - PHYSICAL DESCRIPTION
Number of Pages x, 40p.
Dimensions ill.
856 ## - ELECTRONIC LOCATION AND ACCESS
Uniform Resource Identifier https://drive.google.com/file/d/11GIevCj2b04bjn7fLFXjpVuIIV3Fpy51/view?usp=sharing
942 ## - ADDED ENTRY ELEMENTS (KOHA)
Koha item type AGR
952 ## - LOCATION AND ITEM INFORMATION (KOHA)
Withdrawn status [LOCAL, KOHA] 0
952 ## - LOCATION AND ITEM INFORMATION (KOHA)
Withdrawn status [LOCAL, KOHA] 0
952 ## - LOCATION AND ITEM INFORMATION (KOHA)
Withdrawn status [LOCAL, KOHA] 0
952 ## - LOCATION AND ITEM INFORMATION (KOHA)
Withdrawn status [LOCAL, KOHA] 0
952 ## - LOCATION AND ITEM INFORMATION (KOHA)
Withdrawn status [LOCAL, KOHA] 0
952 ## - LOCATION AND ITEM INFORMATION (KOHA)
Withdrawn status [LOCAL, KOHA] 0
952 ## - LOCATION AND ITEM INFORMATION (KOHA)
Withdrawn status [LOCAL, KOHA] 0
Holdings
Permanent Location Date acquired Koha item type Lost status Shelving location Barcode Current Location Full call number
Library Block B2015-09-24AGR B052RUA005412Library Block BAGR SON 2012 B052 Or.1
Library Block B2015-09-24AGR B052RUA000301Library Block BAGR SON 2012 B052 Or.2
Library Block B2015-09-24AGR B052RUA005822Library Block BAGR SON 2012 B052 Or.3
Library Block B2015-09-24AGR B052RUA005390Library Block BAGR SON 2012 B052 Or.4
Library Block B2015-09-24AGR B052RUA008726Library Block BAGR SON 2012 B052 Or.5
Library Block B2015-09-24AGR B052RUA000373Library Block BAGR SON 2012 B052 Or.6
Library Block B2015-09-24AGR B052RUA001535Library Block BAGR SON 2012 B052 Or.7
មជ្ឈមណ្ឌលឯការនៃសាកលវិទ្យាល័យភូមិន្ទកសិកម្មចំការដូង

Powered by Koha